000 00486nam a22001817a 4500
008 230630b |||||||| |||| 00| 0 eng d
020 _a978-81-8143-739-6
040 _aNational Science Library
_cNational Science Library
080 _a82-31CHU
_bQ7
100 _aChughtai, Ismat
245 _aगुनहगार
246 _aGunahgaar
260 _aNew Delhi:
_bVani Prakashan,
_c2017
300 _a232p.
650 _aLiterature
653 _aNovel
942 _2udc
_cHBK
999 _c48613
_d48613